<?xml version="1.0" encoding="UTF-8"?>
<record
    xmlns:xsi="http://www.w3.org/2001/XMLSchema-instance"
    xsi:schemaLocation="http://www.loc.gov/MARC21/slim http://www.loc.gov/standards/marcxml/schema/MARC21slim.xsd"
    xmlns="http://www.loc.gov/MARC21/slim">

  <leader>02471nam a22002417a 4500</leader>
  <controlfield tag="003">OSt</controlfield>
  <controlfield tag="005">20250512215142.0</controlfield>
  <controlfield tag="008">250512b           ||||| |||| 00| 0 spa d</controlfield>
  <datafield tag="020" ind1=" " ind2=" ">
    <subfield code="a">9788411481892</subfield>
  </datafield>
  <datafield tag="040" ind1=" " ind2=" ">
    <subfield code="c">CO-Mq BPB</subfield>
  </datafield>
  <datafield tag="041" ind1=" " ind2=" ">
    <subfield code="a">spa</subfield>
  </datafield>
  <datafield tag="082" ind1=" " ind2=" ">
    <subfield code="2">AN</subfield>
    <subfield code="b">WOOh</subfield>
  </datafield>
  <datafield tag="100" ind1=" " ind2=" ">
    <subfield code="a">Woolf, Virginia</subfield>
    <subfield code="e">Autor</subfield>
  </datafield>
  <datafield tag="245" ind1=" " ind2=" ">
    <subfield code="a">Una Habitaci&#xF3;n Propia</subfield>
  </datafield>
  <datafield tag="264" ind1=" " ind2=" ">
    <subfield code="a">Madrid, Espa&#xF1;a;</subfield>
    <subfield code="b">Alianza editorial, </subfield>
    <subfield code="c">2023</subfield>
  </datafield>
  <datafield tag="300" ind1=" " ind2=" ">
    <subfield code="a">157 p&#xE1;ginas;</subfield>
    <subfield code="b">Tapa dura</subfield>
    <subfield code="c">20 cm</subfield>
  </datafield>
  <datafield tag="521" ind1=" " ind2=" ">
    <subfield code="a">Esto dec&#xED;a Virginia Woolf a las estudiantes universitarias que en 1928 atendieron a sus conferencias sobre las mujeres y la literatura. Y lo dec&#xED;a, precisamente, invocando tambi&#xE9;n a Jane Austen o a las Bronte, para animarlas a no dejarse aplastar por el peso de una historia eminentemente masculina. Una habitaci&#xF3;n propia sigue siendo hoy libro de cabecera porque es una invitaci&#xF3;n a la creaci&#xF3;n libre de prejuicios y de obst&#xE1;culos, y una llamada al encuentro de las mujeres con la escritura (y con la realidad) para que ocupen por fin el lugar que siempre han merecido. Y porque es, ademas, un texto brillante, divertido y mordaz que no se agota jamas en la relectura y que refleja la grandeza de su autora: una de las escritoras mas geniales de la historia.Traduccion de Catalina Martinez Mu&#xF1;oz&#xBF;Que habr&#xED;a pasado si Shakespeare hubiera tenido una hermana con su mismo talento para la escritura? Probablemente, que el seguir&#xED;a siendo un faro de las letras universales y ella, condenada al anonimato, se habr&#xED;a suicidado. Esto dec&#xED;a Virginia Woolf a las estudiantes universitarias que en 1928 atendieron a sus conferencias sobre las mujeres y la literatura. Y lo dec&#xED;a, precisamente, invocando tambien a Jane Austen o a las Bronte, para animarlas a no dejarse aplastar por el peso de una historia eminentemente masculina. Una habitaci&#xF3;n propia sigue siendo hoy libro de cabecera porque es una invitaci&#xF3;n a la creaci&#xF3;n libre de prejuicios y de obst&#xE1;culos, y una llamada al encuentro de las mujeres con la escritura (y con la realidad) para que ocupen por fin el lugar que siempre han merecido. Y porque es, adem&#xE1;s, un texto brillante, divertido y mordaz que no se agota jam&#xE1;s en la relectura y que refleja la grandeza de su autora: una de las escritoras mas geniales de la historia.</subfield>
  </datafield>
  <datafield tag="650" ind1=" " ind2=" ">
    <subfield code="a">Literatura universal</subfield>
  </datafield>
  <datafield tag="650" ind1=" " ind2=" ">
    <subfield code="a">Creaci&#xF3;n libre de prejuicios y de obst&#xE1;culos.</subfield>
  </datafield>
  <datafield tag="650" ind1=" " ind2=" ">
    <subfield code="a">Novela adulto</subfield>
  </datafield>
  <datafield tag="700" ind1=" " ind2=" ">
    <subfield code="a">Mart&#xED;nez Mu&#xF1;oz, Catalina</subfield>
    <subfield code="e">traductora</subfield>
  </datafield>
  <datafield tag="942" ind1=" " ind2=" ">
    <subfield code="2">ddc</subfield>
    <subfield code="c">BKLIT</subfield>
  </datafield>
  <datafield tag="999" ind1=" " ind2=" ">
    <subfield code="c">15955</subfield>
    <subfield code="d">15955</subfield>
  </datafield>
  <datafield tag="952" ind1=" " ind2=" ">
    <subfield code="0">0</subfield>
    <subfield code="1">0</subfield>
    <subfield code="2">ddc</subfield>
    <subfield code="4">0</subfield>
    <subfield code="7">0</subfield>
    <subfield code="8">LA</subfield>
    <subfield code="a">BPMOS</subfield>
    <subfield code="b">BPMOS</subfield>
    <subfield code="c">FIC</subfield>
    <subfield code="d">2025-05-12</subfield>
    <subfield code="e">Compra 2024</subfield>
    <subfield code="i">NT</subfield>
    <subfield code="l">2</subfield>
    <subfield code="m">1</subfield>
    <subfield code="o">AN WOOh</subfield>
    <subfield code="p">MOS504442</subfield>
    <subfield code="q">2026-01-01</subfield>
    <subfield code="r">2025-12-15</subfield>
    <subfield code="s">2025-12-15</subfield>
    <subfield code="t">Ej.1</subfield>
    <subfield code="w">2025-05-12</subfield>
    <subfield code="y">BKLIT</subfield>
    <subfield code="z">Quince dias</subfield>
  </datafield>
  <datafield tag="952" ind1=" " ind2=" ">
    <subfield code="0">0</subfield>
    <subfield code="1">0</subfield>
    <subfield code="2">ddc</subfield>
    <subfield code="4">0</subfield>
    <subfield code="7">0</subfield>
    <subfield code="8">LA</subfield>
    <subfield code="a">BPMOS</subfield>
    <subfield code="b">BPMOS</subfield>
    <subfield code="c">FIC</subfield>
    <subfield code="d">2025-05-12</subfield>
    <subfield code="e">Compra 2024</subfield>
    <subfield code="i">NT</subfield>
    <subfield code="l">2</subfield>
    <subfield code="m">1</subfield>
    <subfield code="o">AN WOOh</subfield>
    <subfield code="p">MOS504443</subfield>
    <subfield code="r">2026-02-16</subfield>
    <subfield code="s">2026-01-15</subfield>
    <subfield code="t">Ej.2</subfield>
    <subfield code="w">2025-05-12</subfield>
    <subfield code="y">BKLIT</subfield>
    <subfield code="z">Quince dias</subfield>
  </datafield>
</record>
